The Art of Case Analysis : guide to the diagnosis of business situations /
Guardado en:
| Autor Principal: | |
|---|---|
| Formato: | Libro |
| Idioma: | English |
| Publicado: |
Needham, Mass. :
Lord Publishing,
1977.
|
| Edición: | 2nd ed. |
| Materias: | |
| Etiquetas: |
Agregar Etiqueta
Sin Etiquetas, Sea el primero en etiquetar este registro!
|
| LEADER | 00635nam a22001815a 4500 | ||
|---|---|---|---|
| 001 | EIQ.libpla001756 | ||
| 008 | 061220s1977####maua##########000#0#eng#d | ||
| 005 | 20061220134301.0 | ||
| 245 | 1 | 0 | |a The Art of Case Analysis : |b guide to the diagnosis of business situations / |c Robert Ronstadt. |
| 250 | |a 2nd ed. | ||
| 260 | |a Needham, Mass. : |b Lord Publishing, |c 1977. | ||
| 300 | |a 189 p. : |b il. ; |c 23 cm. | ||
| 020 | |a 0930204018 | ||
| 100 | 1 | |a Ronstadt, Robert, |d 1942- | |
| 650 | 4 | |a Economía |x Situaciones de negocio. | |
| 650 | 4 | |a Economy |x Business situations. | |
| 040 | |a AR-BbSID |b spa |c AR-BbSID | ||
| 859 | |a AR-BbSID |b BIB. PLAPIQUI |h 658.403 |i R 66 |p 3656 | ||
